| 000 | 00368nam a22001337a 4500 | ||
|---|---|---|---|
| 999 |
_c3996 _d3996 |
||
| 008 | 200709b ||||| |||| 00| 0 eng d | ||
| 082 | 0 | 0 |
_a629.8 _bM8751 |
| 100 |
_9885 _aMorris, N. M. |
||
| 245 | 1 | 0 |
_aComputer graphics and CAD fundamentals / _cby N. M. Morris |
| 260 |
_aCalcutta _bWheeler _c1986 |
||
| 300 | _axiv, 223 p. | ||
| 650 | 0 | _aComputer Engineering | |
| 942 | _cBK | ||